000 00401nam a22001697a 4500
005 20160613095522.0
008 160613b xxu||||| |||| 00| 0 eng d
020 _a978-0-7475-2830-2
041 _aeng
082 _b7058
100 _aGoleman, Daniel
_91747
245 _aEmotional Intelligence
260 _aLondon
_bBloomsbury,
_c1996
300 _a342
650 _aManagement
_9241
942 _cBK
999 _c2460
_d2459